000 00698nam a2200289Ia 4500
005 20260324130117.0
008 008 260324s9999 xx 000 0 eng d
020 _a9780203927052
037 _aEBOOK
040 _aCRL
040 _beng
040 _cCRL
041 _2eng
041 _aeng
084 _qCRL
100 _aDavid B. Clarke; Marcus Doel; William Merrin; Richard G. Smith
_91180546
245 0 _aJean Baudrillard
245 0 _bFatal Theories
260 _bTaylor and Francis
260 _c2008
365 _a
365 _b280
856 _uhttp://www.taylorfrancis.com/books/9780203927052
942 _cEBOOK
999 _c1776409
_d1776409